000 00364nam a2200145Ia 4500
008 230917s9999||||xx |||||||||||||| ||und||
040 _e60504
_aMAIN
041 _aEnglish
082 _a823.7 S78M
100 _aSurtees, R S
245 0 _aMr. Sponge's sporting tour
260 _aOxford
_bOxford University Press
_c1982
300 _axviii, 500 p.
942 _cBK
999 _c231542
_d231542